| 000 | 00709nam a2200241 a 4500 | ||
|---|---|---|---|
| 001 | 54084 | ||
| 003 | BD-RjUL | ||
| 005 | 20211209080054.0 | ||
| 008 | 161101r19611947nju 000 0 eng | ||
| 035 | _a(BD-RjUL)4206 | ||
| 040 |
_aDLC _cCU-I _dBD-RjUL _beng |
||
| 041 | _aeng | ||
| 082 |
_a515.4 _223 _bMCI 1961 |
||
| 100 | 1 |
_aMcShane, E. J. _q(Edward James), _d1904- _9152224 |
|
| 245 | 1 | 0 | _aIntegration / |
| 260 |
_aLondon : _bPrinceton University Press, _cc1944 [Printing 1961]. |
||
| 300 |
_aviii, 394 p. _c23 cm. |
||
| 500 | _aIncludes Index | ||
| 650 | 0 |
_aCalculus, Integral _9161478 |
|
| 650 | 0 |
_aIntegrals, Generalized. _9151799 |
|
| 942 |
_2ddc _cBK |
||
| 999 |
_c54084 _d54084 |
||